Engineering economy (Record no. 1549)

000 -LEADER
fixed length control field 00674nam a22002294a 4500
001 - CONTROL NUMBER
control field 1549
003 - CONTROL NUMBER IDENTIFIER
control field BD-DhUET
008 - FIXED-LENGTH DATA ELEMENTS--GENERAL INFORMATION
fixed length control field 000424s2001 njua b 001 0 eng
020 ## - INTERNATIONAL STANDARD BOOK NUMBER
International Standard Book Number 013028128X
040 ## - CATALOGING SOURCE
Original cataloging agency DLC
Transcribing agency DLC
Modifying agency BD-DhUET
082 00 - DEWEY DECIMAL CLASSIFICATION NUMBER
Classification number 620.02
Item number THU/2001
100 ## - MAIN ENTRY--PERSONAL NAME
Personal name Thuesen, G. J.
245 10 - TITLE STATEMENT
Title Engineering economy
Statement of responsibility, etc. by G.J. Thuesen and W.J. Fabrycky
250 ## - EDITION STATEMENT
Edition statement 9th ed.
260 ## - PUBLICATION, DISTRIBUTION, ETC. (IMPRINT)
Place of publication, distribution, etc. New Jersy
Name of publisher, distributor, etc. Prentice Hall
Date of publication, distribution, etc. 2001
300 ## - PHYSICAL DESCRIPTION
Extent xiv, 637 p.
Other physical details ill.
Dimensions 25 cm.
490 ## - SERIES STATEMENT
Series statement Prentice hall international series in industrial and sytems engineering
504 ## - BIBLIOGRAPHY, ETC. NOTE
Bibliography, etc Includes bibliographies
650 #0 - SUBJECT ADDED ENTRY--TOPICAL TERM
Topical term or geographic name as entry element Engineering economy
700 1# - ADDED ENTRY--PERSONAL NAME
Personal name Fabrycky, W. J.
942 ## - ADDED ENTRY ELEMENTS (KOHA)
Koha item type General Book
Holdings
Withdrawn status Lost status Koha issues (times borrowed) Date acquired Koha date last seen Damaged status Copy number Koha date last borrowed Sublocation or collection (holding branch) Koha normalized classification for sorting Shelving location Price effective from Piece designation (barcode) Location (home branch) Koha item type Koha full call number Source of classification or shelving scheme Not for loan
   2014-09-082014-09-08 1 Central Library, BUET620_000000000000000_02THU2001Circulation section2014-09-08102596Central Library, BUETGeneral Book620.02/THU/2001  
   2014-09-082014-09-08 2 Central Library, BUET620_000000000000000_02THU2001Circulation section2014-09-08102594Central Library, BUETGeneral Book620.02/THU/2001  
  12014-09-082021-12-20 32021-11-29Central Library, BUET620_000000000000000_02THU2001Circulation section2014-09-08102590Central Library, BUETGeneral Book620.02/THU/2001  
   2014-09-082014-09-08 4 Central Library, BUET620_000000000000000_02THU2001Circulation section2014-09-08102595Central Library, BUETGeneral Book620.02/THU/2001  
   2014-09-082014-09-08 5 Central Library, BUET620_000000000000000_02THU2001Circulation section2014-09-08102589Central Library, BUETGeneral Book620.02/THU/2001  
   2014-09-082014-09-08 6 Central Library, BUET620_000000000000000_02THU2001Circulation section2014-09-08102588Central Library, BUETGeneral Book620.02/THU/2001  
  22014-09-082022-04-16 82022-03-21Central Library, BUET620_000000000000000_02THU2001Circulation section2014-09-08102592Central Library, BUETGeneral Book620.02/THU/2001  
   2014-09-082014-09-08 9 Central Library, BUET620_000000000000000_02THU2001Circulation section2014-09-08102591Central Library, BUETGeneral Book620.02/THU/2001  
   2014-09-152014-09-15 10 Central Library, BUET620_000000000000000_02THU2001Circulation section2014-09-15102593Central Library, BUETGeneral Book620.02/THU/2001  
  32014-09-272021-12-20 112021-12-04Central Library, BUET620_000000000000000_02THU2001Circulation section2014-09-27101877Central Library, BUETGeneral Book620.02/THU/2001  
   2014-10-192014-10-19 12 Central Library, BUET620_000000000000000_02THU2001Circulation section2014-10-19112838Central Library, BUETGeneral Book620.02/THU/2001  
   2014-11-232014-11-23 13 Central Library, BUET620_020000000000000_THU_2001Circulation section2014-11-23101878Central Library, BUETGeneral Book620.02/THU/2001